000 01756nam a2200517 i 4500
001 20663
003 KOSZ 005
005 20200617150215.0
008 200617s1981 pl a g 000 0 pol
015 _aUWD 2006/17964
035 _a991026742209705066
035 _a(PL-WaBN)b17262586-48omnis_nlop
035 _ab17262586
035 _a(OCoLC)69449051
035 _a(PL)b0000001726258
035 _a(EXLNZ-48OMNIS_NETWORK)9910517690305606
040 _aWA N
_cWA N
_dKOSZ 005/RW
045 _bd1830
_bd1831
046 _k1981
080 _a94(438).07
100 1 _aJakubiak, Tadeusz Adam
_d(1950-1996)
_eAutor
245 1 0 _aWielkopolanie w powstaniu listopadowym 1830-1831 /
_cTadeusz Adam Jakubiak, Bogusław Polak.
260 _aPoznań :
_bKrajowa Agencja Wydawnicza,
_c1981.
300 _a35, [1] stron, [12] stron tablic :
_bilustracje ;
_c23 cm.
336 _aTekst
_btxt
_2rdacontent
337 _aBez urządzenia pośredniczącego
_bn
_2rdamedia
338 _aWolumin
_bnc
_2rdacarrier
380 _aKsiążki
380 _aPublikacje popularnonaukowe
388 _a1901-2000
388 _a1945-1989
490 1 _aZ Dziejów Wielkopolski
648 7 _a1801-1900
_2DBN
650 7 _aPowstanie listopadowe (1830-1831)
_2DBN
650 7 _aPolityka
651 7 _aWielkopolska
_2DBN
651 7 _aPrusy
655 7 _aOpracowanie
658 _aHistoria
700 1 _aPolak, Bogusław
_d(1945- )
_eAutor
710 2 _aKrajowa Agencja Wydawnicza
_4pbl
830 0 _aZ Dziejów Wielkopolski
856 _uhttp://koha.tu.koszalin.pl/cgi-bin/koha/opac-detail.pl?biblionumber=20663
_yKatalog online BPK
942 _2UKD
_cKS
999 _c20663
_d20663